Language Quiz

Random Language or Italian Quiz

Natuur en landschap Italiaans-Nederlands Quiz Stats

 Plays Quiz not verified by Sporcle

Score 0/52 Timer 20:00
0 Plays Today
Italiaans Nederlands % Correct
la naturade natuur
100%
l'acquahet water
100%
il fuocohet vuur
100%
l'ariade lucht
100%
il cielode hemel
100%
l'oceanode oceaan
100%
il marede zee
100%
il lagohet meer
100%
il fiumede rivier
100%
il canalehet kanaal
100%
la montagnade berg
100%
la piantade plant
100%
il fiorede bloem
100%
l'alberode boom
100%
la rocciade rots, het gesteente
100%
il boscohet bos
100%
la forestahet (oer)bos, het woud
100%
il desertode woestijn
100%
il vulcanode vulkaan
100%
la costade kust
100%
la spiaggiahet strand
100%
la sabbiahet zand
100%
la cascatade waterval
100%
l'oaside oase
100%
la dunade duin
100%
l'isolahet eiland
100%
Italiaans Nederlands % Correct
la penisolahet schiereiland
100%
il legnohet hout
95.7%
il metallohet metaal
95.7%
la collinade heuvel
95.7%
il campohet veld, de akker
94.7%
il paesaggiohet landschap
91.3%
la catena montuosahet gebergte, de bergketen
91.3%
il pascolohet weiland
89.5%
l'erba (2)het gras, het kruid
89.5%
la pietrade steen
89.5%
la vallehet dal, de vallei
89.5%
la rivade oever
88.9%
la spondade oever
88.9%
il fangode modder
88.9%
la renahet zand
88.9%
il fossode sloot, de greppel
88.9%
il fossatode (slot)gracht
88.9%
il ruscellode beek
88.9%
lo stagnode vijver
88.9%
la fontede bron
88.9%
la sorgentede bron
88.9%
l'arginede dijk
88.9%
il sassode steen
87.5%
il suolode grond, de aardbodem
84.2%
l'arbustode struik
78.9%
il cespugliode struik
73.7%

You're not logged in!

Compare scores with friends on all Sporcle quizzes.
OR
Log In

Show Comments

Extras

Created Sep 26, 2017ReportNominate
Tags:Italian Quiz, het, neverland

Top Quizzes Today


Score Distribution

Your Account Isn't Verified!

In order to create a playlist on Sporcle, you need to verify the email address you used during registration. Go to your Sporcle Settings to finish the process.

Report this User

Report this user for behavior that violates our Community Guidelines.

Details: